[Event "9th Medunarodni"]
[Site "Tuzla BIH"]
[Date "2003.10.23"]
[Round "9"]
[White "Sprecic,M"]
[Black "Dugonjic,D"]
[Result "1-0"]
[WhiteElo "2350"]
[BlackElo "2310"]

1.d4 f5 2.Nf3 g6 3.g3 Bg7 4.Bg2 Nf6 5.O-O O-O 6.c4 d6 7.Nc3 Qe8 8.d5 Bd7
9.Qb3 Qc8 10.Rd1 Na6 11.Nd4 Kh8 12.a3 c6 13.dxc6 bxc6 14.Qc2 Rb8 15.Nf3 c5
16.Ng5 Nc7 17.Rb1 Ne6 18.Nxe6 Bxe6 19.Nd5 Bxd5 20.cxd5 a5 21.Bd2 Qa6 22.b3 Rb7
23.Qc4 Ra8 24.Bf3 Qb5 25.Qh4 Qe8 26.a4 Qd8 27.e4 Nxe4 28.Bxe4 fxe4 29.Qxe4 Bf6
30.Kg2 Rab8 31.Qc4 Ra8 32.Re1 Rab8 33.Re6 Rb4 34.Bxb4 Rxb4 35.Qd3 Qb8 36.Re4 Kg7
37.Rxb4 Qxb4 38.Rc1 Qd4 39.Qxd4 Bxd4 40.f4 h5 41.Re1 Kf7 42.Re6 Bf6 43.Kf3 Bg7
44.h3 Bf6 45.g4 hxg4+ 46.hxg4 Bc3 47.g5 Bb2 48.Kg4 Bc3 49.f5 gxf5+ 50.Kxf5 Bd4
51.Rh6 Bg7 52.Rh7 Kg8 53.g6 Bf6 54.Ke6  1-0

[Event "300 Years"]
[Site "St Petersburg RUS"]
[Date "2003.10.24"]
[Round "7"]
[White "Maiorov,N"]
[Black "Pogosian,Vl"]
[Result "1-0"]
[WhiteElo "2415"]
[BlackElo "2182"]

1.d4 f5 2.c4 Nf6 3.g3 g6 4.Bg2 Bg7 5.Nf3 O-O 6.O-O d6 7.Nc3 Nc6 8.d5 Ne5
9.Qb3 Ned7 10.Qc2 Nc5 11.b3 a5 12.Bb2 Bd7 13.a3 Qe8 14.Nd4 Ng4 15.e3 g5 16.Nce2 Qh5
17.h3 Ne5 18.f4 Ng6 19.Rae1 gxf4 20.exf4 a4 21.b4 Ne4 22.g4 fxg4 23.Bxe4 Qxh3
24.Qd3 Qh6 25.Bf5 g3 26.Nxg3 Nxf4 27.Qe4 Nh3+ 28.Kg2 Ng5 29.Qg4 c5 30.Bxd7 cxd4
31.Nf5 Rxf5 32.Rxf5 Nf7 33.Be6  1-0

[Event "300 Years"]
[Site "St Petersburg RUS"]
[Date "2003.10.24"]
[Round "7"]
[White "Gareev,T"]
[Black "Malaniuk,V"]
[Result "1-0"]
[WhiteElo "2434"]
[BlackElo "2525"]

1.d4 f5 2.g3 Nf6 3.Bg2 g6 4.Nf3 Bg7 5.O-O O-O 6.c4 d6 7.Nc3 c6 8.d5 e5 9.dxe6 Bxe6
10.Bf4 Bxc4 11.Qxd6 Qxd6 12.Bxd6 Re8 13.Ne5 Ba6 14.f4 Nbd7 15.Rfd1 Nb6 16.Bf3 Nfd7
17.Nxd7 Nxd7 18.Rab1 Nb6 19.Bc5 Nc4 20.Bd4 Ne3 21.Rd2 Nc4 22.Rdd1 Ne3 23.Rd2 Bxd4
24.Rxd4 Re7 25.Kf2 Bc4 26.h3 Bf7 27.b4 Rc8 28.Rd3 Rce8 29.Rd4 Kg7 30.Be4 Bxa2
31.Rb2 Bf7 32.Kxe3 fxe4 33.g4 b6 34.Rd6 Rc7 35.Rbd2 Kf8 36.Rd7 Rxd7 37.Rxd7 Re7
38.Rxe7 Kxe7 39.Kxe4 Kd6 40.Kd3 a5 41.Ne4+ Kc7 42.bxa5 bxa5 43.Nc5 Kb6 44.Kd4 Ba2
45.e4 Kc7 46.Ke5 Bb1 47.f5 gxf5 48.gxf5 Ba2 49.Kf6 Kd6 50.Nb7+ Kc7 51.Nxa5 c5
52.Ke7  1-0

[Event "300 Years Women"]
[Site "St Petersburg RUS"]
[Date "2003.10.24"]
[Round "7"]
[White "Ubiennykh,E"]
[Black "Lagvilava,G"]
[Result "1-0"]
[WhiteElo "2317"]
[BlackElo "2281"]

1.d4 f5 2.g3 Nf6 3.Bg2 g6 4.c4 Bg7 5.Nf3 O-O 6.O-O d6 7.Nc3 c6 8.b4 a5 9.b5 cxb5
10.cxb5 a4 11.Ba3 Nbd7 12.Qd3 Nb6 13.Rac1 Bh6 14.Rc2 Be6 15.d5 Bf7 16.e3 Ne4
17.Nd4 Nc5 18.Qe2 Rc8 19.Rd1 Rc7 20.Bb4 Qa8 21.f4 Bg7 22.g4 fxg4 23.Qxg4 Nc4
24.Qe2 Nb6 25.e4 Ncd7 26.e5 dxe5 27.Ne6 Bxe6 28.dxe6 Nf6 29.fxe5 Nh5 30.Kh1 Nf4
31.Qe1 Rf5 32.Qg1 Nc4 33.Nd5 Nxd5 34.Bxd5 Rf4 35.b6 Rc8 36.Bxc4 Rfxc4 37.Rxc4 Rxc4
38.Bxe7 Rc8 39.Qf2  1-0

[Event "WYb14"]
[Site "Halkidiki GRE"]
[Date "2003.10.26"]
[Round "4"]
[White "Banusz,T"]
[Black "Potapov,P"]
[Result "1-0"]
[WhiteElo "2361"]
[BlackElo "2267"]

1.d4 f5 2.g3 Nf6 3.Bg2 g6 4.Nf3 Bg7 5.O-O O-O 6.c4 d6 7.Nc3 Qe8 8.b3 e5 9.dxe5 dxe5
10.e4 c6 11.Re1 Nxe4 12.Nxe4 fxe4 13.Ng5 Qd7 14.Ba3 Rd8 15.Qxd7 Rxd7 16.Bh3 Rd8
17.Rad1 Re8 18.Bxc8 Rxc8 19.Nxe4 Na6 20.Rd7 b6 21.Red1 c5 22.Bb2 Nb4 23.f4 Nc6
24.fxe5 Rd8 25.Nf6+ Bxf6 26.exf6 Rxd7 27.Rxd7 Rd8 28.Rg7+ Kf8 29.Bc3 Rd3
30.Be1 Rf3 31.Rxh7 Rxf6 32.Kg2 Re6 33.Kf1 a6 34.Bc3 Re3 35.Rc7 Rxc3 36.Rxc6 Rc1+
37.Kg2 Rc2+ 38.Kh3 Rxa2 39.Rxg6 b5 40.Rc6 Ra3 41.Rxc5 Rxb3 42.cxb5 axb5 43.Kg4 Rb2
44.h4 b4 45.h5 b3 46.Rb5 Rb1 47.Kg5 b2 48.g4 Kf7 49.Rb7+ Kf8 50.h6 Ke8 51.h7 Rh1
52.Kg6  1-0

[Event "300 Years"]
[Site "St Petersburg RUS"]
[Date "2003.10.26"]
[Round "9"]
[White "Rutman,A"]
[Black "Rusov,V"]
[Result "1/2-1/2"]
[WhiteElo "2295"]
[BlackElo "2205"]

1.c4 f5 2.Nf3 Nf6 3.g3 g6 4.Bg2 Bg7 5.O-O O-O 6.d4 d6 7.Nc3 Qe8 8.b3 e5 9.dxe5 dxe5
10.e4 Nc6 11.Re1 f4 12.Nd5 fxg3 13.fxg3 Rf7 14.Bb2 h6 15.Qd3 Nh5 16.Rf1 Be6
17.Nh4 Kh7 18.Rxf7 Qxf7 19.Rf1 Qd7 20.Rf2 Rf8 21.Qf1 Rxf2 22.Qxf2 Nd4 23.Nf3 c6
24.Nxe5 Bxe5 25.Bxd4 Bxd4 26.Qxd4 cxd5 27.cxd5 b6 28.Qe5 Bf7 29.Bf3 Ng7 30.Kg2 Ne8
31.h3 Qc7 32.Qb2 Qc5 33.h4 h5 34.Qd2 Nf6 35.Qf4 Kg7 36.Kh3 Qc8+ 37.Kg2 Qc2+
38.Kh3 Qf2 39.Bh1 Qxf4 40.gxf4 Ng4 41.Kg3 Kf6 42.Bf3 Ne3 43.Kf2 Nc2 44.Bd1 Nb4
45.a3 Nd3+ 46.Ke3 Nc5 47.Kd4 Be8 48.Bc2 Ke7 49.e5 Nd7 50.b4 Nf8 51.Bb3 Bb5
52.Bc2 Bf1 53.f5 gxf5 54.Bxf5 Bg2 55.Bd3 Bf3 56.Bf5 Kf7 57.Bd3 Ke7 58.Bf5 Bg2
59.Kc4 Bf3 60.Kd4 Bg4 61.Bd3 Kf7 62.Be4 Ke7 63.Bd3 Bf3  1/2-1/2

[Event "LXVIII ch-ESP Scheveningen"]
[Site "Burgos ESP"]
[Date "2003.10.31"]
[Round "3"]
[White "Comas Fabrego,L"]
[Black "Herraiz Hidalgo,H"]
[Result "1/2-1/2"]
[WhiteElo "2502"]
[BlackElo "2499"]

1.d4 f5 2.g3 Nf6 3.Bg2 g6 4.Nf3 Bg7 5.O-O O-O 6.c4 d6 7.d5 Qe8 8.Nc3 Na6
9.Rb1 Nc5 10.b3 Bd7 11.Bb2 a5 12.Nd4 c6 13.Ba1 e5 14.dxe6 Bxe6 15.Qc2 Bf7
16.Rbd1 Qe7 17.Bb2 a4 18.Bc1 axb3 19.axb3 Nce4 20.Bb2 Nxc3 21.Bxc3 d5 22.Nf3 dxc4
23.bxc4 Rfd8 24.Ne5 Nd7 25.Nxf7 Qxf7 26.Bxg7 Kxg7 27.c5  1/2-1/2

[Event "FSGM November"]
[Site "Budapest HUN"]
[Date "2003.11.01"]
[Round "1"]
[White "Szeberenyi,A"]
[Black "Hoang Thanh Trang"]
[Result "1/2-1/2"]
[WhiteElo "2417"]
[BlackElo "2463"]

1.d4 f5 2.g3 Nf6 3.Bg2 g6 4.Nf3 Bg7 5.O-O O-O 6.c4 d6 7.Nc3 Qe8 8.b3 c6 9.Ba3 Na6
10.Qd3 Nc7 11.e4 fxe4 12.Nxe4 Nxe4 13.Qxe4 Bf5 14.Qe3 Qf7 15.Rfe1 Rae8 16.Rad1 Qf6
17.Ng5 e5 18.dxe5 Rxe5 19.Qd2 Rxe1+ 20.Rxe1 Rd8 21.Ne4 Bxe4 22.Rxe4 Ne6 23.Qe1 Nd4
24.Bb2 Nf3+ 25.Bxf3 Qxb2 26.Re8+ Rxe8 27.Qxe8+ Bf8 28.Bg4 Qg7 29.Be6+ Kh8
30.Bc8 Qe7 31.Qxe7 Bxe7 32.Bxb7 c5 33.f4 Kg7 34.Kg2 Bf6 35.Kf3 Bd4 36.Ke4 Bg1
37.h3 Kf6 38.Kd5 Ke7 39.Ba6 Bf2 40.g4 Bg3 41.f5 gxf5 42.gxf5 Kf6 43.Kc6 Kxf5
44.Kb7 Ke5 45.Kxa7 Kd4 46.Bb5 Kc3 47.a4 Kb4 48.Kb6 Bh4 49.Kc6 Bg3 50.Kd5 h6
51.Ke6 Bf4 52.h4 Bg3 53.h5 Bf4 54.Kd5 Bg3 55.Kc6 Ka5  1/2-1/2

[Event "1st Chesspangenberg Open"]
[Site "Buenos Aires ARG"]
[Date "2003.11.07"]
[Round "4"]
[White "Julia,E"]
[Black "Rodi,L"]
[Result "1/2-1/2"]
[WhiteElo "2387"]
[BlackElo "2243"]

1.d4 f5 2.g3 Nf6 3.Bg2 g6 4.Nf3 Bg7 5.O-O O-O 6.c4 d6 7.Nc3 Nc6 8.d5 Ne5
9.Qb3 h6 10.Nd4 Nh5 11.e3 Nd3 12.Bd2 g5  1/2-1/2

[Event "ch-UKR"]
[Site "Simferopol UKR"]
[Date "2003.11.08"]
[Round "5"]
[White "Iljin,T"]
[Black "Kuchin,P"]
[Result "1-0"]
[WhiteElo "2262"]
[BlackElo "2067"]

1.d4 f5 2.Nf3 Nf6 3.g3 g6 4.Bg2 Bg7 5.O-O O-O 6.c4 c5 7.d5 d6 8.Nc3 Na6 9.Rb1 Bd7
10.a3 Ng4 11.Qc2 Rc8 12.b3 Qe8 13.Bb2 Nf6 14.Rbe1 b5 15.cxb5 Bxb5 16.Nxb5 Qxb5
17.Nd2 Nc7 18.a4 Qb7 19.e4 fxe4 20.Nxe4 Nxe4 21.Bxg7 Kxg7 22.Qxe4 Rce8 23.Qc4 Rf6
24.Re3 a5 25.Rfe1 Kf8 26.Qh4 Rf7 27.Qh6+ Kg8 28.h4 Qb4 29.h5 Qg4 30.hxg6 Qxg6
31.Qh4 Kf8 32.Rf3 Rf6 33.Re4 Nxd5 34.Rg4 Qf7 35.Rxf6 exf6 36.Qh6+  1-0

[Event "FSGM November"]
[Site "Budapest HUN"]
[Date "2003.11.09"]
[Round "9"]
[White "Bui Vinh"]
[Black "Hoang Thanh Trang"]
[Result "1/2-1/2"]
[WhiteElo "2463"]
[BlackElo "2463"]

1.d4 f5 2.Nf3 Nf6 3.c4 g6 4.g3 Bg7 5.Bg2 O-O 6.O-O d6 7.Nc3 Qe8 8.d5 a5 9.Ne1 Na6
10.Rb1 Bd7 11.Nd3 b6 12.b3 Nc5 13.Bd2 Nfe4 14.Qc2 Nxd2 15.Qxd2 Qf7 16.e3 Bxc3
17.Qxc3 Qf6 18.Qxf6 exf6 19.Rfd1 Rfe8 20.Nf4 g5 21.Ne2 f4 22.gxf4 Bg4 23.Bf1 Bxe2
24.Bxe2 gxf4 25.Rd4 fxe3 26.Rf1 exf2+ 27.Rxf2 Re4 28.Rxe4 Nxe4 29.Rg2+ Kh8
30.Bf3 Ng5 31.Kf2 Rg8 32.Rg3 Rg6 33.h4 Nf7 34.Bh5 Rxg3 35.Kxg3 Kg7 36.Kf4 Ne5
37.Be2 Ng6+ 38.Kg4 Kf7 39.h5 Ne7 40.Bd3 Kg7 41.a4 c6 42.dxc6 Nxc6 43.Kf5 Nd4+
44.Ke4 Nxb3 45.Kd5 Nc5 46.Bc2 f5 47.Bxf5 Nxa4 48.Kxd6 Nc5 49.Kc6 a4 50.Bb1 a3
51.Kb5 Kh6 52.Kb4 Kxh5 53.Kxa3 h6 54.Kb4 Kg4 55.Bg6 Kg5 56.Bf7 Kf6 57.Bh5 Kg5
58.Bf7 Ne4 59.Bd5 Nd6 60.c5 bxc5+ 61.Kxc5 Ne8 62.Kd4 Ng7 63.Bf7 Kf6 64.Bc4 h5
65.Ke4 Kg5 66.Kf3 Nf5 67.Bd3 Nd4+ 68.Ke3 Ne6 69.Bf1 Nf4 70.Kf3 Ng6 71.Bh3 Kh4
72.Bc8 Ne5+ 73.Kg2 Ng4 74.Bxg4 hxg4 75.Kh2 g3+ 76.Kg2 Kg4 77.Kg1 Kf3 78.Kf1 g2+
79.Kg1 Kg3  1/2-1/2

[Event "ch-Europe Internet Blitz"]
[Site "playchess.com INT"]
[Date "2003.11.09"]
[Round "1.3"]
[White "Panzalovic,S"]
[Black "Bjelajac,M"]
[Result "1-0"]
[WhiteElo "2421"]
[BlackElo "2370"]

1.Nf3 f5 2.c4 Nf6 3.d4 g6 4.g3 Bg7 5.Bg2 O-O 6.O-O d6 7.Nc3 Nc6 8.d5 Na5
9.Nd2 c5 10.Rb1 e5 11.dxe6 Bxe6 12.Nd5 Bxd5 13.cxd5 Re8 14.b3 Qd7 15.Bb2 b5
16.Bc3 Nb7 17.e3 Ng4 18.Bxg7 Qxg7 19.Qe2 a6 20.a4 b4 21.h3 Ne5 22.f4 Nd7
23.Nc4 Nf6 24.g4 Ne4 25.Bxe4 Rxe4 26.gxf5 gxf5+ 27.Kh2 Kh8 28.Rg1 Qf6 29.Rg5 Rg8
30.Rxg8+ Kxg8 31.Rg1+ Kh8 32.Qh5 Re7 33.Rg5 Rf7 34.a5 Rf8 35.Qe2 Rg8 36.Qh5 Rxg5
37.fxg5 Qg6 38.Qxg6 hxg6 39.Kg3 Kg7 40.Kf4 Kf7 41.h4 Ke7 42.h5 gxh5 43.Kxf5 Kf7
44.g6+ Kg7 45.Kg5 h4 46.e4 h3 47.Ne3 h2 48.Nf5+ Kg8 49.Kf6 h1=Q 50.Ne7+ Kf8
51.g7+ Ke8 52.g8=Q+ Kd7 53.Qc8+  1-0

[Event "ch-Europe Internet Blitz"]
[Site "playchess.com INT"]
[Date "2003.11.09"]
[Round "1.1"]
[White "Panzalovic,S"]
[Black "Bjelajac,M"]
[Result "1/2-1/2"]
[WhiteElo "2421"]
[BlackElo "2370"]

1.Nf3 f5 2.c4 Nf6 3.d4 g6 4.g3 Bg7 5.Bg2 O-O 6.O-O d6 7.Nc3 Nc6 8.d5 Na5
9.Nd2 c5 10.Rb1 e5 11.dxe6 Bxe6 12.Nd5 Bxd5 13.cxd5 b6 14.b3 Re8 15.e3 Ng4
16.a3 Ne5 17.b4 Nb7 18.Bb2 Qd7 19.Qb3 Rac8 20.Rfc1 g5 21.Bf1 Rf8 22.Nc4 Nxc4
23.Qxc4 Bxb2 24.Rxb2 cxb4 25.Qc6 Rxc6 26.dxc6 Qg7 27.cxb7 Qxb2 28.Rc8 bxa3
29.b8=Q Rxc8 30.Qxc8+ Kg7 31.Qd7+ Kg6 32.Qxd6+ Kg7 33.Qc7+ Kg6 34.Qc6+ Kg7
35.Qc7+ Kg6 36.Bc4 Qb1+ 37.Kg2 Qe4+ 38.Kg1 Qb1+ 39.Kg2 Qe4+ 40.Kg1 Qb1+  1/2-1/2

[Event "TCh-AUT 2003-4"]
[Site "Graz AUT"]
[Date "2003.11.28"]
[Round "1"]
[White "Titz,Hei"]
[Black "Kilgus,G"]
[Result "0-1"]
[WhiteElo "2266"]
[BlackElo "2354"]

1.c4 f5 2.Nf3 Nf6 3.g3 g6 4.Bg2 Bg7 5.O-O O-O 6.d4 d6 7.d5 Na6 8.Nc3 Qe8
9.Nd4 Bd7 10.b3 c5 11.dxc6 bxc6 12.e3 Nc5 13.Bb2 a5 14.Rc1 e5 15.Nde2 Qe7
16.Ba3 e4 17.Rc2 Rfd8 18.Rd2 Be8 19.Qc2 Ng4 20.Rfd1 Nd3 21.Nf4 Ndxf2 22.Rxf2 Nxe3
23.Qd2 Nxd1 24.Nxd1 g5 25.Ne2 Bg6 26.Ne3 Qe5 27.Bh3 g4 28.Bg2 a4 29.Bb4 axb3
30.axb3 d5 31.cxd5 cxd5 32.Rf1 d4 33.Nc4 Qb5 34.Nf4 Ra6 35.Rb1 Rb8 36.Bd6 Rb7
37.Nxg6 hxg6 38.Bf4 Qxc4 39.bxc4 Rxb1+ 40.Bf1 Raa1 41.Kg2 Rxf1 42.Qb4 Rfb1  0-1

[Event "TCh-CZE Extraliga 2003-4"]
[Site "Czech Rep CZE"]
[Date "2003.12.06"]
[Round "3"]
[White "Cvek,R"]
[Black "Sluka,R"]
[Result "1-0"]
[WhiteElo "2467"]
[BlackElo "2371"]

1.Nf3 f5 2.d4 Nf6 3.c4 g6 4.g3 Bg7 5.Bg2 O-O 6.O-O d6 7.Nc3 Nc6 8.d5 Na5
9.Qd3 c5 10.Ng5 h6 11.Ne6 Bxe6 12.dxe6 Nc6 13.e4 Ng4 14.exf5 Rxf5 15.Qe4 Nf6
16.Qe2 g5 17.Qd3 Nd4 18.Nb5 Re5 19.Nxd4 cxd4 20.f4 gxf4 21.Bxf4 Rxe6 22.Bh3 Re4
23.Bf5 d5 24.cxd5 Qxd5 25.Bxe4 Nxe4 26.Rae1 Nc5 27.Qg6 Qc6 28.Qg4 Qc8 29.Qh5 d3
30.Bxh6 Bd4+ 31.Be3 Qd7 32.Qg6+ Kh8 33.Rf7  1-0

[Event "VIII Mirko Srajber Mem"]
[Site "Subotica SCG"]
[Date "2003.12.07"]
[Round "10"]
[White "Bodiroga,P"]
[Black "Drazic,S"]
[Result "0-1"]
[WhiteElo "2391"]
[BlackElo "2467"]

1.d4 f5 2.g3 Nf6 3.Bg2 g6 4.Nf3 Bg7 5.O-O O-O 6.c4 d6 7.Nc3 c6 8.Re1 Nh5
9.d5 e5 10.dxe6 Bxe6 11.Qd3 Na6 12.b3 d5 13.cxd5 Nb4 14.Qc4 Nxd5 15.Ng5 Bf7
16.Nxf7 Rxf7 17.Bb2 Nb6 18.Qc5 Bd4 19.Qa3 f4 20.e3 fxe3 21.fxe3 Be5 22.Ne4 Qc7
23.Bxe5 Qxe5 24.Qc5 Nd7 25.Qxe5 Nxe5 26.Rad1 Nf6 27.Nc5 Re7 28.h3 Rb8 29.Rf1 Ned7
30.Nxd7 Nxd7 31.b4 Nb6 32.a4 Nxa4 33.Ra1 Nc3 34.Rxa7 Nb5 35.Ra2 Rxe3 36.Rd2 Rbe8
37.Rd7 R8e7 38.Rfd1 Kf7 39.g4 Nc3 40.Rf1+ Ke8 41.Rd2 Ne4 42.Rb2 Nd6 43.Rff2 Kd7
44.Bf1 Kc7 45.Rf6 Ne4 46.Rf8 Nc3 47.Kg2 Kb6 48.Rf4 Re1 49.Rc2 Nd5 50.Rf3 Rb1
51.b5 Ne3+ 52.Rxe3 Rxe3 53.bxc6 bxc6 54.Kf2 Re7 55.Bg2 c5  0-1

[Event "CGT Magistral"]
[Site "Buenos Aires ARG"]
[Date "2003.12.12"]
[Round "2"]
[White "Slipak,S"]
[Black "Rodriguez,And URU"]
[Result "1/2-1/2"]
[WhiteElo "2503"]
[BlackElo "2498"]

1.d4 f5 2.Nf3 Nf6 3.g3 g6 4.Bg2 Bg7 5.O-O O-O 6.c4 d6 7.Nc3 Qe8 8.b3 Na6
9.Ba3 c6 10.Qd3 Rb8 11.Nd2 Nc7 12.Rac1 b5 13.Bb2 g5 14.cxb5 cxb5 15.e4 Qh5
16.f4 gxf4 17.Rxf4 fxe4 18.Ndxe4  1/2-1/2

[Event "TCh-BEL 2003-4"]
[Site "Belgium BEL"]
[Date "2003.12.14"]
[Round "1"]
[White "Bernard,N"]
[Black "Huesmann,T"]
[Result "0-1"]
[WhiteElo "2180"]
[BlackElo "2301"]

1.d4 f5 2.Nf3 Nf6 3.c4 g6 4.g3 Bg7 5.Bg2 O-O 6.O-O d6 7.Nc3 Qe8 8.d5 a5 9.Nd4 Na6
10.b3 Bd7 11.Bb2 g5 12.e3 f4 13.exf4 gxf4 14.Ne6 Bxe6 15.dxe6 c6 16.Qe2 Qg6
17.Bf3 Nc5 18.Rad1 Qf5 19.Rfe1 h5 20.Rd4 fxg3 21.hxg3 Nh7 22.Rf4 Qd3 23.Be4 Qxe2
24.Rxe2 Rxf4 25.gxf4 Rf8 26.Bg6 Rxf4 27.Bxh5 Nd3 28.Nd1 Ng5 29.Kg2 Nxb2 30.Nxb2 Bxb2
31.Rxb2 Nxe6 32.f3 Rd4 33.Kg3 Nc5 34.Bg4 e5 35.Rh2 a4 36.Bc8 axb3 37.axb3 Nxb3
38.Bxb7 Na5 39.Bc8 Nxc4 40.Be6+ Kg7 41.Rc2 Ne3 42.Rxc6 Kf6 43.Bh3 Nf5+ 44.Bxf5 Kxf5
45.Rc8 Rd3 46.Kf2 Ra3 47.Re8 d5 48.Rb8 Ra2+ 49.Ke3 d4+ 50.Kd3 Kf4 51.Rf8+ Kg3
52.Rf5 Ra3+ 53.Ke2 Re3+ 54.Kd1 Kg2 55.Kc2 Kf1 56.Kd1 Kf2 57.Kd2 Kf1 58.Kd1 Re2
59.Rh5 d3 60.Rh7 Kf2 61.Rf7 Ke3 62.Rf5 Kd4 63.Rf7 Rh2 64.Rg7 Ke3  0-1

[Event "1st GM"]
[Site "Kish IRI"]
[Date "2003.12.16"]
[Round "6"]
[White "Annageldyev,O"]
[Black "Guliev,S"]
[Result "1-0"]
[WhiteElo "2472"]
[BlackElo "2537"]

1.d4 f5 2.Nf3 Nf6 3.g3 g6 4.Bg2 Bg7 5.O-O O-O 6.c4 d6 7.Nc3 c6 8.b3 Na6 9.Bb2 Rb8
10.d5 Bd7 11.Nd4 Qe8 12.Rb1 Nc7 13.Qd2 cxd5 14.Nxd5 Ncxd5 15.cxd5 Qf7 16.Rbc1 Rbc8
17.Ne6 Rxc1 18.Rxc1 Bxe6 19.dxe6 Qxe6 20.Bxb7 h5 21.Rc7 a5 22.Qd3 Kh7 23.Bc3 f4
24.gxf4 Ne8 25.Bxg7 Rxf4 26.Bc8 Qf7 27.Ra7 Nxg7 28.Qe3 Qf6 29.Qxe7 Qd4 30.Qe3 Qd1+
31.Kg2 Qd5+ 32.f3 Rf7 33.Be6  1-0

[Event "TCh-BEL 2003-4"]
[Site "Belgium BEL"]
[Date "2004.01.11"]
[Round "6"]
[White "Bernard,N"]
[Black "Fontaine,P"]
[Result "1/2-1/2"]
[WhiteElo "2180"]
[BlackElo "2115"]

1.d4 f5 2.Nf3 Nf6 3.g3 g6 4.c4 Bg7 5.Bg2 O-O 6.O-O d6 7.Nc3 Na6 8.Rb1 c5
9.d5 Nc7 10.e4 fxe4 11.Ng5 Rb8 12.Ngxe4 Nxe4 13.Bxe4 b5 14.Nxb5 Nxb5 15.cxb5 Rxb5
16.Qc2 Bh3 17.Rd1 Qd7 18.Be3 Bf5 19.b3  1/2-1/2

[Event "Open"]
[Site "Auckland NZL"]
[Date "2004.01.22"]
[Round "8"]
[White "Reilly,T"]
[Black "West,G"]
[Result "1/2-1/2"]
[WhiteElo "2297"]
[BlackElo "2352"]

1.d4 f5 2.c4 Nf6 3.Nf3 g6 4.g3 Bg7 5.Bg2 O-O 6.O-O d6 7.d5 Nbd7 8.Nc3 Ne5
9.Qb3 Ned7 10.Qc2 e5 11.dxe6 Nc5 12.Ng5 c6 13.Rd1 Nxe6 14.Qd3 Ne8 15.Nxe6 Bxe6
16.b3 Qe7 17.Be3 a6 18.Rac1 Rd8 19.Qd2 Nf6 20.Bg5 Rfe8 21.e4 Rd7 22.Re1 Qf8
23.Rcd1 Ng4 24.exf5 Bxc3 25.Qxc3 Qxf5 26.Bf4 g5  1/2-1/2

[Event "Open"]
[Site "Auckland NZL"]
[Date "2004.01.22"]
[Round "8"]
[White "Reilly,T"]
[Black "West,G"]
[Result "1/2-1/2"]
[WhiteElo "2297"]
[BlackElo "2352"]

1.d4 f5 2.c4 Nf6 3.Nf3 g6 4.g3 Bg7 5.Bg2 O-O 6.O-O d6 7.d5 Nbd7 8.Nc3 Ne5
9.Qb3 Ned7 10.Qc2 e5 11.dxe6 Nc5 12.Ng5 c6 13.Rd1 Nxe6 14.Qd3 Ne8 15.Nxe6 Bxe6
16.b3 Qe7 17.Be3 a6 18.Rac1 Rd8 19.Qd2 Nf6 20.Bg5 Rfe8 21.e4 Rd7 22.Re1 Qf8
23.Rcd1 Ng4 24.exf5 Bxc3 25.Qxc3 Qxf5 26.Bf4 g5 27.Bxd6 Qxf2+ 28.Kh1 Red8
29.c5 Bd5  1/2-1/2

[Event "1st WinTV Open"]
[Site "Chennai IND"]
[Date "2004.01.22"]
[Round "3"]
[White "Babu,NS"]
[Black "Dzhumaev,M"]
[Result "0-1"]
[WhiteElo "2339"]
[BlackElo "2498"]

1.d4 f5 2.g3 Nf6 3.Bg2 g6 4.Nf3 Bg7 5.O-O O-O 6.c4 d6 7.Nc3 Qe8 8.b3 e5 9.dxe5 dxe5
10.e4 f4 11.Bb2 Nc6 12.Nd5 Rf7 13.Ng5 Rd7 14.gxf4 h6 15.Nf3 Nh5 16.fxe5 Rf7
17.Qd2 Kh7 18.Qe3 Be6 19.Nf6+ Nxf6 20.exf6 Bxf6 21.Bxf6 Rxf6 22.Nd4 Nxd4
23.Qxd4 Rf4 24.Rad1 Qf7 25.Qe3 b6 26.e5 Rf8 27.Bd5 Qf5 28.Bg2 Qg5 29.Kh1 Qh4
30.Qg3 Qh5 31.Rde1 Rg4 32.Qd3 Rh4 33.Qg3 Rff4 34.f3 Qf5 35.Re4 g5 36.Rfe1 Kg7
37.Kg1 Qf8 38.Rxf4 Rxf4 39.Re4 Rxe4 40.fxe4 Qc5+ 41.Kh1 Qd4 42.h4 Qd1+ 43.Kh2 Qh5
44.Bh3 Bxh3 45.Kxh3 Qxh4+ 46.Qxh4 gxh4 47.Kxh4 Kf7 48.Kh5 Ke6 49.Kxh6 Kxe5
50.Kg6 Kxe4 51.Kf6 Kd4 52.Ke6 c5 53.Kd6 Kc3 54.Kc6 Kb2 55.Kb5 Kxa2  0-1

[Event "Open"]
[Site "Auckland NZL"]
[Date "2004.01.23"]
[Round "9"]
[White "Watson,B"]
[Black "Reilly,T"]
[Result "1/2-1/2"]
[WhiteElo "2276"]
[BlackElo "2297"]

1.Nf3 g6 2.c4 f5 3.d4 Nf6 4.g3 Bg7 5.Bg2 O-O 6.O-O d6 7.Nc3 Nc6 8.b3 e5 9.dxe5 dxe5
10.Ba3 Re8 11.Qxd8 Rxd8 12.e4 Rd3 13.Nd5 Nxd5 14.cxd5 fxe4 15.Ng5 Rxd5 16.Bxe4 Ra5
17.Bxc6 bxc6 18.Bb4 Rb5 19.Bc3 Bf5 20.f3 Rd8 21.Ne4 Rd3 22.Rad1 Rbd5 23.Rxd3 Rxd3
24.Ba5 Bh6 25.Kf2 Kf7 26.Re1 Rd7 27.Bc3 Rd5 28.g4 Bxe4 29.Rxe4 Ke6 30.Ke2 Bf4
31.h3 Rc5 32.Rc4 Rxc4 33.bxc4 Kf6 34.Kd3 Kg5 35.Be1 Bc1 36.Ke4 Bb2 37.h4+ Kf6
38.Ba5 Ke6 39.Bxc7 Ba1 40.Ba5 Bb2 41.Bb4 Ba1 42.Bf8 Kf7 43.Bh6 Bb2 44.Kd3 Ke6
45.Ke4 Kf7 46.Bd2 Ke6 47.Be3  1/2-1/2

[Event "ch-Kiev"]
[Site "Kiev UKR"]
[Date "2004.01.24"]
[Round "7"]
[White "Kalinkin,B"]
[Black "Evchin,M"]
[Result "1-0"]
[WhiteElo "2213"]
[BlackElo "2256"]

1.d4 f5 2.Nf3 Nf6 3.g3 g6 4.Bg2 Bg7 5.O-O O-O 6.c4 d6 7.Nc3 Qe8 8.Nb5 Na6
9.d5 c6 10.Nc3 Bd7 11.Nd4 Nc7 12.e4 c5 13.Nde2 fxe4 14.Nxe4 Nxe4 15.Bxe4 b5
16.cxb5 Nxb5 17.Rb1 Rb8 18.Be3 Bh3 19.Re1 Bg4 20.Qd3 Qd7 21.a4 Bxe2 22.Rxe2 Nd4
23.Bxd4 Bxd4 24.b3 Rb4 25.Rbe1 Rf7 26.Kg2 Qb7 27.Rb1 Rf8 28.h4 Kh8 29.f4 Rb8
30.h5 gxh5 31.Qf3 Rg8 32.Qxh5 Rg7 33.Qe8+ Rg8 34.Qf7 Rg7 35.Qf8+ Rg8 36.Qf5 e6
37.dxe6 Qg7 38.Qh3 Bf6 39.Rh1 Rxe4 40.Rxe4 d5 41.Re3 c4 42.Qf5 d4 43.Rf3 c3
44.Rh3 Rf8 45.Qe4 Qc7 46.Rf2 Rc8 47.Rh1 Qc6 48.Kf3 d3 49.Ke3 Qc5+ 50.Kf3 Qc6
51.Rxh7+ Kg8 52.Rd7 d2 53.Rd5 Bg7 54.Rh2 c2 55.Qh7+ Kf8 56.Qf5+  1-0

[Event "75th ch-GER"]
[Site "Hoeckendorf GER"]
[Date "2004.01.31"]
[Round "2"]
[White "Stanke,J"]
[Black "Bauer,E"]
[Result "1-0"]
[WhiteElo "2313"]
[BlackElo "2276"]

1.d4 f5 2.Nf3 Nf6 3.g3 g6 4.Bg2 Bg7 5.O-O O-O 6.c4 d6 7.Nc3 Nc6 8.d5 Ne5
9.Nxe5 dxe5 10.Qb3 h6 11.c5 Kh8 12.Rd1 g5 13.Bd2 e4 14.Be1 Ng4 15.Rac1 a6
16.Na4 Qe8 17.h3 Ne5 18.Nc3 Rb8 19.d6 exd6 20.cxd6 Be6 21.Qb4 c6 22.Na4 b6
23.Bc3 c5 24.Qa3 Bd7 25.b3 Qf7 26.Nxb6 Rxb6 27.Bxe5 Bxe5 28.Qxc5 Rb5 29.Qa7 Qe6
30.Rc7 Rd8 31.Qxa6 Rd5 32.Rxd5 Qxd5 33.Rxd7  1-0

[Event "OSS January It"]
[Site "Oslo NOR"]
[Date "2004.01.31"]
[Round "8"]
[White "Johannessen,S"]
[Black "Gabrielsen,T"]
[Result "1/2-1/2"]
[WhiteElo "2317"]
[BlackElo "2262"]

1.Nf3 f5 2.d4 Nf6 3.c4 g6 4.g3 Bg7 5.Bg2 O-O 6.O-O d6 7.b3 Ne4 8.Bb2 Nc6
9.Nbd2 Nxd2 10.Qxd2 e5 11.dxe5 dxe5 12.Qxd8  1/2-1/2

[Event "TCh-FRA Nat1 GpB"]
[Site "Cannes FRA"]
[Date "2004.02.01"]
[Round "3"]
[White "Efimov,I"]
[Black "Santo Roman,M"]
[Result "1-0"]
[WhiteElo "2505"]
[BlackElo "2394"]

1.d4 f5 2.Nf3 Nf6 3.g3 g6 4.Bg2 Bg7 5.c4 O-O 6.O-O d6 7.Nc3 Qe8 8.Nd5 Nxd5
9.cxd5 Qb5 10.Ne1 c6 11.a4 Qb6 12.e3 a5 13.Nd3 Na6 14.Bd2 Nc7 15.dxc6 bxc6
16.b4 Nd5 17.bxa5 Qa7 18.Qc2 Bd7 19.Rfc1 Rfc8 20.Qa2 e6 21.Rab1 Bf6 22.Nb2 Be7
23.Nc4 Rab8 24.Bf1 Kf8 25.Rc2 Rxb1 26.Qxb1 c5 27.Nb6 Nxb6 28.axb6 Qxa4 29.dxc5 dxc5
30.Ra2 Qe4 31.Qa1 Bc6 32.Qh8+ Kf7 33.Qxh7+ Kf8 34.f3 Qxf3 35.Qh6+ Kf7 36.Qh7+ Kf8
37.e4 Qxe4 38.Bh6+ Ke8 39.Qxg6+ Kd8 40.Rd2+ Bd5 41.Qg8+ Kd7 42.Bb5+ Rc6 43.Bxc6+ Kxc6
44.Qe8+ Kd6 45.Bf4+ e5 46.Qg6+ Kd7 47.Rxd5+ Qxd5 48.Qxf5+ Kc6 49.Qxe5 Qxe5
50.Bxe5 Kxb6 51.h4 Kc6 52.h5 Kd5 53.Bg7 Ke6 54.g4 Bg5 55.Kf2 c4 56.Ke2 Kf7
57.Bc3 Ke6 58.Kf3 Kd5 59.Bg7 Bd2 60.h6 c3 61.Ke2 Bg5 62.Kd3  1-0

[Event "75th ch-GER"]
[Site "Hoeckendorf GER"]
[Date "2004.02.03"]
[Round "6"]
[White "Preiss,M"]
[Black "Bauer,E"]
[Result "1-0"]
[WhiteElo "2304"]
[BlackElo "2276"]

1.c4 f5 2.Nf3 Nf6 3.g3 g6 4.Bg2 Bg7 5.O-O O-O 6.d4 d6 7.Nc3 Qe8 8.d5 Na6
9.Rb1 Bd7 10.b4 c6 11.dxc6 bxc6 12.a3 Nc7 13.Bb2 Qf7 14.c5 dxc5 15.Ne5 Qe6
16.Na4 Na6 17.Nxd7 Nxd7 18.b5 Nc7 19.bxc6 Nf6 20.Nxc5 Qf7 21.Be5 Rfd8 22.Qb3 Qxb3
23.Rxb3  1-0

[Event "AS04 Centenary"]
[Site "Copenhagen DEN"]
[Date "2004.02.09"]
[Round "3"]
[White "Werner,Ge"]
[Black "Nielsen,JG"]
[Result "1/2-1/2"]
[WhiteElo "2070"]
[BlackElo "2245"]

1.Nf3 f5 2.d4 Nf6 3.g3 g6 4.Bg2 Bg7 5.O-O O-O 6.c4 d6 7.Nc3 Nc6 8.Bg5 h6
9.Bxf6 Bxf6 10.e3 e6 11.a3 a5 12.Rb1 g5 13.b4 g4 14.Nd2 axb4 15.axb4 Ne7
16.Qb3 Kg7 17.Ra1 Rxa1 18.Rxa1 c6 19.Ra7 e5 20.d5 e4 21.Ne2 cxd5 22.cxd5 Qb6
23.Ra8 Bd7 24.Rxf8 Kxf8 25.Nf4 Kf7 26.Bf1 Ng6 27.Nc4 Qc7 28.Ne6 Qb8 29.Nb6 Ne5
30.Kg2 Be8 31.Nd4 Qc7 32.Na8 Qc8 33.Nb6  1/2-1/2

[Event "FSGM February"]
[Site "Budapest HUN"]
[Date "2004.02.11"]
[Round "5"]
[White "Belezky,S"]
[Black "Antal,Ge"]
[Result "1/2-1/2"]
[WhiteElo "2405"]
[BlackElo "2498"]

1.Nf3 f5 2.g3 Nf6 3.Bg2 g6 4.O-O Bg7 5.d4 O-O 6.c4 d6 7.Nc3 c6 8.d5 e5 9.dxe6 Bxe6
10.Qd3 Na6 11.Ng5 Qe7 12.Bf4 Rad8 13.Rad1 Ng4 14.Nxe6 Qxe6 15.b3 Rfe8 16.h3 Nf6
17.Be3 Ne4 18.Nxe4 fxe4 19.Qd2 d5 20.cxd5 Rxd5 21.Qc1 Nb4 22.Rd2 Rxd2 23.Qxd2 Nd5
24.Bd4 e3 25.Bxe3 Nxe3 26.Qxe3 Qxe3 27.fxe3 Rxe3 28.Bf3 Bd4 29.Kg2 c5 30.Bd5+ Kg7
31.Rf7+ Kh6 32.Bc4 Be5 33.Rf3 Rxf3  1/2-1/2